Técnicas de ingeniería y tecnología en la producción (Registro nro. 36478)

Detalles MARC
000 -LEADER
fixed length control field 01028 a2200217 4500
001 - CONTROL NUMBER
control field 64000
005 - DATE AND TIME OF LATEST TRANSACTION
control field 20260521160828.0
008 - FIXED-LENGTH DATA ELEMENTS--GENERAL INFORMATION
fixed length control field 260521a1979 arg spa d
003 - CONTROL NUMBER IDENTIFIER
control field AR-UNSa-BCEJYS
040 ## - CATALOGING SOURCE
Original cataloging agency AR-UNSa-BCEJYS
Language of cataloging spa
Transcribing agency AR-UNSa-BCEJYS
080 ## - UNIVERSAL DECIMAL CLASSIFICATION NUMBER
Universal Decimal Classification number 658.5
Common auxiliary subdivision Planificación y control de la producción<br/>
020 ## - INTERNATIONAL STANDARD BOOK NUMBER
International Standard Book Number 978-84-234-0457-5
041 ## - LANGUAGE CODE
Language code of text/sound track or separate title spa
100 1# - MAIN ENTRY--PERSONAL NAME
Personal name Corrons Prieto, Luis
245 10 - TITLE STATEMENT
Title Técnicas de ingeniería y tecnología en la producción
264 #1 - PRODUCTION, PUBLICATION, DISTRIBUTION, MANUFACTURE, AND COPYRIGHT NOTICE
Place of production, publication, distribution, manufacture Bilbao :
Name of producer, publisher, distributor, manufacturer Ediciones Deusto
Date of production, publication, distribution, manufacture, or copyright notice 1979
300 ## - PHYSICAL DESCRIPTION
Extent xxii, 435 p.
Dimensions 24 cm.
505 ## - FORMATTED CONTENTS NOTE
Formatted contents note 1. Ingeniería del valor - 2. Ingeniería de proyectos - 3. Ingeniería de diseño - 4. Ingeniería de sistemas: la dinámica industrial - 5. Ingeniería de costos y productividad - 6. Técnicas de organización de la creatividad industrial - 7. Técnicas de organización de la tecnología industrial - 8. Técnicas de organización informática - 9. Técnicas de investigación operativa -
590 ## - LOCAL NOTE (RLIN)
Local note niveau_biblio:m niveau_hierar:0
942 ## - ADDED ENTRY ELEMENTS (KOHA)
Koha item type
Existencias
Withdrawn status Lost status Damaged status Not for loan Home library Current library Shelving location Date acquired Total checkouts Full call number Barcode Date last seen Price effective from Koha item type
        Biblioteca Prof. Eusebio Cleto del Rey Biblioteca Prof. Eusebio Cleto del Rey   21/05/2026   658.5 B582 v.2 L70469 21/05/2026 21/05/2026 Libro